Consultation on policy options for promoting property-level flood protection and resilience (Record no. 108573)
[ view plain ]
| 000 -LEADER | |
|---|---|
| fixed length control field | 01704cad a22002415a 4500 |
| 001 - CONTROL NUMBER | |
| control field | L144647 |
| 008 - FIXED-LENGTH DATA ELEMENTS--GENERAL INFORMATION | |
| fixed length control field | 080804s20080730xxkad f s f000 0 eng d |
| 035 ## - SYSTEM CONTROL NUMBER | |
| System control number | (Sirsi) u144647 |
| 041 0# - LANGUAGE CODE | |
| Language code of text/sound track or separate title | eng |
| 050 04 - LIBRARY OF CONGRESS CALL NUMBER | |
| Classification number | 627.4 $2 18 |
| 110 2# - MAIN ENTRY--CORPORATE NAME | |
| Corporate name or jurisdiction name as entry element | United Kingdom |
| Subordinate unit | Department for Environment, Food and Rural Affairs |
| 245 00 - TITLE STATEMENT | |
| Title | Consultation on policy options for promoting property-level flood protection and resilience |
| Medium | [electronic resource] |
| 260 ## - PUBLICATION, DISTRIBUTION, ETC. | |
| Place of publication, distribution, etc. | London |
| Name of publisher, distributor, etc. | DEFRA |
| Date of publication, distribution, etc. | 2008 |
| 505 2# - FORMATTED CONTENTS NOTE | |
| Formatted contents note | Consultation overview -- Increasing household take-up of property-level flood protection and resilience -- Further issues, including encouraging resilient repair and refurbishment -- Barriers to take-up of property-level flood protection and resilience -- Annex b: summary of consultation questions -- Annex c: impact assessment |
| 520 ## - SUMMARY, ETC. | |
| Summary, etc. | This consultation refers to policy options for increasing the use of property-level measures by householders to reduce the impacts of flooding. Builds on the pilot grant scheme that Defra has recently completed and asks stakeholders for their views on whether offering households a free home flood survey would be sufficient to drive greater take-up or whether a government grant to subsidise the costs of the measures themselves would be required. Submissions to this consultation must be provided by 31 October 2008. |
| 521 ## - TARGET AUDIENCE NOTE | |
| Target audience note | Advanced |
| 590 ## - LOCAL NOTE (RLIN) | |
| Local note | KA NTK |
| 650 24 - SUBJECT ADDED ENTRY--TOPICAL TERM | |
| Topical term or geographic name entry element | FLOODING |
| 651 #4 - SUBJECT ADDED ENTRY--GEOGRAPHIC NAME | |
| Geographic name | England and Wales |
| Chronological subdivision | 1543- |
| 690 ## - LOCAL SUBJECT ADDED ENTRY--TOPICAL TERM (OCLC, RLIN) | |
| Topical term or geographic name as entry element | ENVIRONMENTAL AND LAND CONSULTANCY-WATER RESOURCE MANAGEMENT-FLOODING |
| 856 40 - ELECTRONIC LOCATION AND ACCESS | |
| Uniform Resource Identifier | <a href="https://www.defra.gov.uk/corporate/consult/flood-protection/index.htm">https://www.defra.gov.uk/corporate/consult/flood-protection/index.htm</a> |
| Public note | View the item free of charge online at www.defra.gov.uk... |
| 942 ## - ADDED ENTRY ELEMENTS (KOHA) | |
| Suppress in OPAC | 0 |
| Withdrawn status | Lost status | Source of classification or shelving scheme | Damaged status | Not for loan | Home library | Current library | Shelving location | Date acquired | Total Checkouts | Full call number | Barcode | Date last seen | Copy number | Price effective from | Koha item type |
|---|---|---|---|---|---|---|---|---|---|---|---|---|---|---|---|
| Dewey Decimal Classification | Virtual | Virtual | Online | 04/08/2008 | ONLINE PUBLICATION | 144647-1001 | 06/08/2019 | 1 | 06/08/2019 | Book |